No more toxic assets (Record no. 109442)

MARC details
000 -LEADER
fixed length control field 01242cad a22002415a 4500
001 - CONTROL NUMBER
control field L147091
008 - FIXED-LENGTH DATA ELEMENTS--GENERAL INFORMATION
fixed length control field 090331s2009 xxk f o 000 0 eng u
035 ## - SYSTEM CONTROL NUMBER
System control number (Sirsi) u147091
041 0# - LANGUAGE CODE
Language code of text/sound track or separate title eng
050 04 - LIBRARY OF CONGRESS CALL NUMBER
Classification number 615.9 $2 18
110 2# - MAIN ENTRY--CORPORATE NAME
Corporate name or jurisdiction name as entry element Commission for Architecture and the Built Environment
9 (RLIN) 4058
245 00 - TITLE STATEMENT
Title No more toxic assets
Remainder of title fresh thinking on housing quality
Medium [electronic resource]
260 ## - PUBLICATION, DISTRIBUTION, ETC.
Place of publication, distribution, etc. London
Name of publisher, distributor, etc. CABE
Date of publication, distribution, etc. 2009
300 ## - PHYSICAL DESCRIPTION
Extent 16 p.
505 2# - FORMATTED CONTENTS NOTE
Formatted contents note Local authority policy making -- The role of regulation -- Reducing risk to developers -- Establishing location -- Investment, not trading -- Explore new development models -- Productivity and sustainable design -- Procurement and public sector market power.
520 ## - SUMMARY, ETC.
Summary, etc. Analyses building problems created by the current recession and presents ideas for better building design quality. Suggests that better house quality can be achieved through longer-term investment, better regulation and more variety of tenure.
521 ## - TARGET AUDIENCE NOTE
Target audience note Advanced
590 ## - LOCAL NOTE (RLIN)
Local note KA NTK
651 #4 - SUBJECT ADDED ENTRY--GEOGRAPHIC NAME
Geographic name England
Chronological subdivision 886-
690 ## - LOCAL SUBJECT ADDED ENTRY--TOPICAL TERM (OCLC, RLIN)
Topical term or geographic name as entry element BUILT ENVIRONMENT-CONSTRUCTION DESIGN
856 48 - ELECTRONIC LOCATION AND ACCESS
Uniform Resource Identifier <a href="https://www.cabe.org.uk/news/no-more-toxic-assets">https://www.cabe.org.uk/news/no-more-toxic-assets</a>
Public note View the item free of charge at www.cabe.org.uk/...
942 ## - ADDED ENTRY ELEMENTS (KOHA)
Suppress in OPAC 0
Holdings
Withdrawn status Lost status Source of classification or shelving scheme Damaged status Not for loan Home library Current library Shelving location Date acquired Total Checkouts Full call number Barcode Date last seen Copy number Price effective from Koha item type
    Dewey Decimal Classification     Virtual Virtual Online 31/03/2009   ONLINE PUBLICATION 147091-2001 06/08/2019 1 06/08/2019 Book